000 00312nam a22001337a 4500
008 181023b xxu||||| |||| 00| 0 eng d
020 _a9781319034573
041 _aeng
080 _211th
_a820
100 _a21
101 _aGJL
245 _aThe Bedford Introduction to Literature
_cMeyer,M
942 _2udc
_cBK
999 _c50608
_d50608